Carrier Current Engineering (Record no. 171326)

MARC details
000 -LEADER
fixed length control field 00426nam a2200181Ia 4500
008 - FIXED-LENGTH DATA ELEMENTS--GENERAL INFORMATION
fixed length control field 240823s9999||||xx |||||||||||||| ||und||
082 ## - DEWEY DECIMAL CLASSIFICATION NUMBER
-- 621.385 M7
100 ## - MAIN ENTRY--PERSONAL NAME
Personal name DAS P N
245 #0 - TITLE STATEMENT
Title Carrier Current Engineering
250 ## - EDITION STATEMENT
Edition statement 4th
260 ## - PUBLICATION, DISTRIBUTION, ETC. (IMPRINT)
Date of publication, distribution, etc 1987
Name of publisher, distributor, etc "Modern Book Agency,Calcutta"
500 ## - GENERAL NOTE
General note YES
650 ## - SUBJECT ADDED ENTRY--TOPICAL TERM
Topical term or geographic name as entry element Current
942 ## - ADDED ENTRY ELEMENTS (KOHA)
Item type Books
Holdings
Withdrawn status Lost status Damaged status Permanent location Current location Shelving location Date acquired Source of acquisition Cost, normal purchase price Full call number Barcode Date last seen Koha item type
      CENTRAL LIBRARY, NOORUL ISLAM CENTRE FOR HIGHER EDUCATION CENTRAL LIBRARY, NOORUL ISLAM CENTRE FOR HIGHER EDUCATION Write Off 05/09/2003 "Pai Brothers,Trivandrum" 25.00 621.385 M7 2546 08/23/2024 Books
Visitors:
Copyright © 2024 Central Library NICHE.  All rights reserved.